[Event "Udine Tre Circoli op"]
[Site "Udine"]
[Date "2012.03.03"]
[Round "6"]
[White "Degano, Emanuele"]
[Black "Sorgo, Roberto"]
[Result "1/2-1/2"]
[WhiteElo "1725"]
[BlackElo "1883"]
[PlyCount "41"]
[EventDate "2012.01.21"]
[EventType "swiss"]
[EventRounds "7"]
[EventCountry "ITA"]
[SourceTitle "EXT 2014"]
[Source "ChessBase"]
[SourceDate "2013.11.20"]
[SourceVersion "1"]
[SourceVersionDate "2013.11.20"]
[SourceQuality "1"]

1. e4 d5 2. exd5 Qxd5 3. Nc3 Qa5 4. d4 c6 5. Bc4 Nf6 6. Nf3 Bf5 7. Bd2 e6 8. Nh4 Bg4 9. f3 Bh5 10. Qe2 Nbd7 11. Bxe6 fxe6 12. Qxe6+ Kd8 13. 0-0-0 Bb4 14. Qb3 Bxc3 15. bxc3 Rf8 16. c4 Qb6 17. Bb4 Re8 18. Nf5 Bg6 19. Nxg7 Re2 20. Rd2 Rxd2 21. Bxd2 1/2-1/2

[Event "Udine Tre Circoli op"]
[Site "Udine"]
[Date "2012.02.25"]
[Round "5"]
[White "Degano, Emanuele"]
[Black "Facchin, Francesco"]
[Result "1/2-1/2"]
[WhiteElo "1725"]
[BlackElo "1733"]
[PlyCount "124"]
[EventDate "2012.01.21"]
[EventType "swiss"]
[EventRounds "7"]
[EventCountry "ITA"]
[SourceTitle "EXT 2014"]
[Source "ChessBase"]
[SourceDate "2013.11.20"]
[SourceVersion "1"]
[SourceVersionDate "2013.11.20"]
[SourceQuality "1"]

1. f4 d5 2. b3 Nf6 3. Bb2 Bf5 4. Nf3 h6 5. g3 Nc6 6. Bg2 e6 7. Nc3 Bd6 8. Nb5 a6 9. Nxd6+ Qxd6 10. d3 Ng4 11. Nh4 Qc5 12. Nxf5 Qf2+ 13. Kd2 exf5 14. Qg1 Qxg1 15. Rhxg1 0-0-0 16. h3 Nf6 17. c4 d4 18. Rae1 Rhe8 19. a3 Re6 20. e4 dxe3+ 21. Rxe3 Nd4 22. b4 Kb8 23. Rge1 Red6 24. Bf1 c6 25. Bxd4 Rxd4 26. Kc3 Kc7 27. Re7+ R4d7 28. R1e3 Rxe7 29. Rxe7+ Rd7 30. Rxd7+ Kxd7 31. Be2 Kd6 32. Kd4 Nd7 33. Bf3 c5+ 34. Kc3 b6 35. Bd5 f6 36. Bb7 a5 37. bxa5 bxa5 38. Bc8 a4 39. d4 cxd4+ 40. Kxd4 Nc5 41. Bxf5 Nb3+ 42. Kc3 Kc5 43. Bc2 Na5 44. Bd3 Nb3 45. Bc2 Na5 46. Bxa4 Nxc4 47. Kb3 Nd2+ 48. Kc2 Ne4 49. Bd7 Nxg3 50. Kd3 g5 51. fxg5 hxg5 52. a4 Nh5 53. Ke4 Nf4 54. h4 Kb4 55. Be8 Ka5 56. Kf5 Kb4 57. Kg4 Ka5 58. h5 Nxh5 59. Kxh5 Kb4 60. Kg4 Ka5 61. Kf5 Kb4 62. Bd7 Ka5 1/2-1/2

[Event "Udine Tre Circoli op"]
[Site "Udine"]
[Date "2012.02.18"]
[Round "4"]
[White "Capaliku, Aleks"]
[Black "Degano, Emanuele"]
[Result "1-0"]
[WhiteElo "2099"]
[BlackElo "1725"]
[PlyCount "95"]
[EventDate "2012.01.21"]
[EventType "swiss"]
[EventRounds "7"]
[EventCountry "ITA"]
[SourceTitle "EXT 2014"]
[Source "ChessBase"]
[SourceDate "2013.11.20"]
[SourceVersion "1"]
[SourceVersionDate "2013.11.20"]
[SourceQuality "1"]

1. e4 d5 2. exd5 Qxd5 3. Nc3 Qa5 4. Nf3 Nf6 5. Be2 a6 6. 0-0 c5 7. d3 Qc7 8. Bg5 e6 9. Ne4 Nbd7 10. Nxf6+ Nxf6 11. Re1 b6 12. Bxf6 gxf6 13. Nd2 Bb7 14. Bf3 0-0-0 15. Bxb7+ Qxb7 16. Qf3 f5 17. Qxb7+ Kxb7 18. f4 Bg7 19. Nc4 Rd4 20. g3 Rhd8 21. Rad1 b5 22. Ne5 Bxe5 23. Rxe5 c4 24. Re3 cxd3 25. Rexd3 Rxd3 26. cxd3 Kc7 27. Kf2 Kd6 28. Rc1 f6 29. d4 Rd7 30. b4 Rc7 31. Rc5 Rxc5 32. dxc5+ Kd5 33. Ke3 h5 34. Kf3 Kc6 35. Kg2 Kd5 36. Kh3 e5 37. Kh4 e4 38. Kh3 Kc6 39. Kg2 Kd5 40. Kf2 Kc6 41. Ke2 Kd5 42. Ke3 Kc6 43. Kd4 Kd7 44. h3 Kc6 45. g4 fxg4 46. Kxe4 f5+ 47. Ke3 h4 48. hxg4 1-0

[Event "Udine Oro Caffe op 3rd"]
[Site "Udine"]
[Date "2010.07.09"]
[Round "5"]
[White "Degano, Emanuele"]
[Black "Rozmann, Glauco"]
[Result "1-0"]
[WhiteElo "1614"]
[BlackElo "1745"]
[PlyCount "57"]
[EventDate "2010.07.05"]
[EventType "swiss"]
[EventRounds "7"]
[EventCountry "ITA"]
[SourceTitle "EXT 2024"]
[Source "ChessBase"]
[SourceDate "2023.10.10"]
[SourceVersion "1"]
[SourceVersionDate "2023.10.10"]
[SourceQuality "1"]

1. e4 c5 2. Nf3 e6 3. d4 Nf6 4. Nc3 Be7 5. e5 Nd5 6. Nxd5 exd5 7. dxc5 Qa5+ 8. c3 Qxc5 9. Be3 Qc6 10. Qb3 Na6 11. 0-0-0 Nc7 12. Bd3 b5 13. Nd4 Qb7 14. Nxb5 Nxb5 15. Qxb5 Qc7 16. Qa4 a5 17. Bf4 Rb8 18. e6 Bd6 19. exf7+ Kxf7 20. Bxd6 Qxd6 21. Qxa5 Qf4+ 22. Kb1 Bb7 23. Qc5 Rhe8 24. Rde1 Rxe1+ 25. Rxe1 Kg8 26. h3 Bc6 27. Qd4 Qd2 28. Bxh7+ Kxh7 29. Qxd2 1-0

[Event "Trento op"]
[Site "Trento"]
[Date "2008.03.30"]
[Round "5"]
[White "Degano, Emanuele"]
[Black "Pecorari, Marcello"]
[Result "0-1"]
[WhiteElo "1644"]
[BlackElo "2075"]
[PlyCount "84"]
[EventDate "2008.03.28"]
[EventType "swiss"]
[EventRounds "5"]
[EventCountry "ITA"]
[SourceTitle "EXT 2011"]
[Source "ChessBase"]
[SourceDate "2010.11.26"]
[SourceVersion "1"]
[SourceVersionDate "2010.11.26"]
[SourceQuality "1"]

1. e4 Nf6 2. e5 Nd5 3. c4 Nb6 4. d4 d6 5. exd6 cxd6 6. d5 Bf5 7. Nf3 N8d7 8. b3 Nf6 9. Nh4 Bd7 10. Bd3 g6 11. Bb2 Bg7 12. Qe2 0-0 13. Nd2 e6 14. dxe6 Re8 15. 0-0 Rxe6 16. Qd1 Qc7 17. Rc1 Rae8 18. Nhf3 R6e7 19. Ba3 Bc6 20. Nd4 Nbd7 21. Nb5 Bxb5 22. cxb5 Qb8 23. Nc4 Re6 24. f4 d5 25. f5 gxf5 26. Bxf5 dxc4 27. Bxe6 Rxe6 28. bxc4 Ne5 29. Rf4 Nd3 30. Qxd3 Qxf4 31. c5 Bf8 32. Rf1 Qe3+ 33. Qxe3 Rxe3 34. b6 axb6 35. c6 Bxa3 36. cxb7 Re8 37. Rxf6 Bc5+ 38. Kf1 Rb8 39. a4 Rxb7 40. g4 Rd7 41. Rf5 Rd4 42. a5 Rxg4 0-1